| 000 | 00371nam a2200121Ia 4500 | ||
|---|---|---|---|
| 008 | 250110s9999 xx 000 0 und d | ||
| 041 | _aeng | ||
| 100 |
_aBhandari Nikita _9182611 |
||
| 245 | _aInstitute Of Hotel Management And Catering Panchgani Maharashtra | ||
| 260 |
_bFinal Year B.Arch ID, Pune _c2014 |
||
| 300 | _a90p | ||
| 700 |
_aGuide Name:Rohankar Meenal _9210286 |
||
| 999 |
_c363478 _d363478 |
||